000 00308nam a22001337a 4500
008 171012b xxu||||| |||| 00| 0 eng d
020 _a2900205407841
041 _aeng
080 _a316
100 _a50
101 _aSOC
245 _aDRUGS BEHAVIOR MODERN SOCIETY
_cLEVINTHALL.CH.E
942 _2udc
_cBK
999 _c33550
_d33550